000 00621nam a2200205Ii 4500
003 JO-AjNU
008 230605s9999||||xx |||||||||||||| ||und||
040 _aJO-AjNU
_bara
_erda
_cJO-AjNU
041 _aara
050 1 4 _aQL805.W4412 1980
100 3 _aويلز,
_eauthor
_916771
245 0 0 _aفقريات : ثلاث مرشد الدراسة العملية
250 _aط2
264 3 1 _aبغداد:جامعة الموصل ، 1980
300 _a222ص
336 _atext
_btxt
_2rdacontent
337 _aunmediated
_bn
_2rdamedia
338 _avolume
_bnc
_2rdacarrier
650 4 _aالفقاريات-تشريح
_916772
999 _aA5044
_c8612
_d8612